Indigofera (microcharis) in tropical africa with the related genera cyamopsis and ryhnchotropis (Record no. 27832)

MARC details
000 -LEADER
fixed length control field 00439 a2200181 4500
100 ## - VEDETTE PRINCIPALE - NOM DE PERSONNE
Personal name GILLETT, J. B.
130 ## - VEDETTE PRINCIPALE - TITRE UNIFORME
Language of a work En.
260 ## - PUBLICATION, DISTRIBUTION, ETC. (IMPRINT)
Place of publication, distribution, etc London
260 ## - PUBLICATION, DISTRIBUTION, ETC. (IMPRINT)
Name of publisher, distributor, etc Royal Botanic Gardens Kew
245 ## - TITLE STATEMENT
Title Indigofera (microcharis) in tropical africa with the related genera cyamopsis and ryhnchotropis
260 ## - PUBLICATION, DISTRIBUTION, ETC. (IMPRINT)
Date of publication, distribution, etc 1958
300 ## - PHYSICAL DESCRIPTION
Extent 165p.
300 ## - PHYSICAL DESCRIPTION
Other physical details 24 cm
650 ## - SUBJECT ADDED ENTRY--TOPICAL TERM
Topical term or geographic name as entry element indigofera
651 ## - SUBJECT ADDED ENTRY--GEOGRAPHIC NAME
Geographic name afrique
Holdings
Withdrawn status Lost status Damaged status Not for loan Location (home branch) Sublocation or collection (holding branch) Date acquired Koha issues (times borrowed) Koha full call number Koha date last seen Copy number Price effective from Koha item type Public note
        Bibliothèque-Centre de Documentation de la Faculté des Sciences Agronomiques Bibliothèque-Centre de Documentation de la Faculté des Sciences Agronomiques     AGE.1958.001 28/02/2009 1 28/02/2009 Livre A.6970


© 2008, Bibliothèques de l'Université d'Abomey-Calavi

04 BP 789 Cotonou, Tél. : +229 21 36 01 01, Fax : +229 21 35 06 32

Courriel : bu@bu.uac.bj